000 00667nam a22002057a 4500
005 20240927154931.0
010 _aENG-141830
020 _c395.00
_a9789386906045
035 _aEN-125362
037 _bDBAD/PUB
082 _a158.1
100 _aSACHDEVA AJAY
_972145
245 _aIs Your Mind really Yours?:
_cBreak Free from the Shackles of a Programmed Life/
_bbyAjay Sachdeva
250 _a1
260 _aNew Delhi
_bNIYOGI BOOKS
_c2017
270 _bNew Delhi
_aBlock D, Building No.77, Okhla Industrial Area, Phase-1
_e110020
300 _a179vpp.
_c21cm(pbk)
700 _aKunwar neelma
_eauthour
_972136
942 _2ddc
_cEN
_h158.1
_mSAC
999 _c205990
_d205990